000 01238nam a22002897a 4500
001 7750
003 FISKH
005 20250805081745.0
008 250805b cb ||||| |||| 00| 0 eng d
020 _a9781591940258
040 _aFISKH
_beng
_cFISKH
_dFISKH
050 _aPS1306
082 _a813.4
100 _aTwain, Mark
_d (1835–1910)
245 _aThe adventures of Tom Sawyer /
_cMark Twain ; Edited, and with an Afterword, by Joan Dunayer
250 _aThis edition first published in 2004
260 _aWest Berlin :
_bTownsend,
_c2004
300 _a180 pages :
_c18 cm
505 _aZ
520 _aThe orphan Tom Sawyer, raised by his aunt, is never out of trouble for long. A mischievous, charming boy (not to mention genius at escaping from trouble), Tom's adventures involve many unwitting bystanders. From one moment to the next, the boy could change into a pirate, or ship's captain - when he's not trying to win Becky Thatcher for a sweetheart, of course. Tom is also a friend of Twain's other beloved boy-hero, Huckleberry Finn.
521 8 _a930
_bLexile
521 8 _aZ
_bRaz-Plus
650 _2Adventure
_a19th century
650 _2Mark Twain
_aClassic
942 _2ddc
_cBK
_n0
999 _c7750
_d7750